Estadísticas para Países Más Grandes por Superficie

Haz click aquí para tomar la prueba!

Estadísticas generales

  • Esta prueba ha sido tomada 23.562 veces
  • La puntuación promedio es 16 de 20

Estadísticas de respuestas

SuperficiePaís% Correcto
17.098.242Rusia
100%
9.526.468Estados Unidos
99%
9.640.821China
99%
9.984.670Canadá
99%
8.514.877Brasil
98%
7.692.024Australia
95%
2.780.400Argentina
95%
3.287.590India
93%
1.964.375México
91%
1.564.110Mongolia
83%
2.724.900Kazajistán
75%
2.344.858República Democrática
del Congo
74%
2.381.741Argelia
73%
2.149.690Arabia Saudita
73%
1.648.195Irán
71%
1.904.569Indonesia
63%
1.886.068Sudán
63%
1.759.540Libia
59%
1.285.216Perú
59%
1.284.000Chad
54%

Distribución de puntuación

Porcentaje por número respondido

Porcentaje de gente con cada puntuación

Historial de tus puntuaciones

No has tomado esta prueba